Variétés d'oiseaux - Statistiques

Statistiques générales
  • Ce quiz a été pris 216 fois
  • Le résultat moyen est 13 sur 20
Statistiques - réponses
Variétés Oiseau % Correct
Effraie, Harfang, Hulotte Chouette
94%
Noir, Ravisseur, Royal Aigle
92%
Colvert, Mandarin, Souchet Canard
92%
Domestique, Ramier, Voyageur Pigeon
88%
du Cap, Empereur, Papou Manchot
86%
des Marais, Grand-duc, Petit-duc Hibou
85%
d'Eau, Domestique, Faisane Poule
75%
Crécerelle, Lanier, Pèlerin Faucon
73%
Épeiche, Épeichette, Vert Pic
71%
Bleue, Charbonnière, Noire Mésange
65%
à Pieds bleus, de Bassan, du Cap Fou
64%
Argentée, Rieuse, Tridactyle Mouette
63%
Cendrée, du Japon, Royale Grue
54%
Cendré, Crabier, Garde-bœufs Héron
53%
de Cheminée, de Fenêtre, de Rivage Hirondelle
41%
Fauve, Moine, Percnoptère Vautour
41%
Freux, Grand, Pie Corbeau
37%
Bleu, Couronné, des Chênes Geai
31%
Chanteur, Noir, Tuberculé Cygne
27%
des Roseaux, Ortolan, Zizi Bruant
22%
Aucun quiz correspondant
Distribution des résultats
% des personnes avec chaque résultat
Percentile par nombre de réponses
Votre historique - résultats
Vous n’avez pas pris ce quiz